A first look at Agathis

Bibliographic Details
Main Author: WHITMORE (Timothy Charles)
Format: Book
Published: Oxford : Commonwealth Forestry Institute, University of Oxford , 1977
Series:Tropical forestry papers; n. 11
Subjects:

MARC

LEADER 00000cam a2200000 7i4500
001 0000001760
005 20011115.0
090 0 0 |a 634.9751   |b WHI 1977 
100 1 0 |a WHITMORE   |h T. C. [  |q (Timothy Charles)] 
245 1 2 |a A first look at Agathis   |c T. C. Whitmore 
260 0 0 |a Oxford :   |b Commonwealth Forestry Institute, University of Oxford ,   |c 1977 
300 |a ix,,54 :   |b ill. ;   |c 30 cm. 
440 0 0 |a Tropical forestry papers; n. 11 
500 0 0 |a Includes bibliography : (p. 49-52) and index 
650 0 0 |a Pine 
998 |a JPSM 
999 |a 0000002802   |b Monograph   |c Open Shelf   |e Default branch